000 00690nam a2200217 i 4500
001 81881
003 ES-MaACL
005 20230906174530.0
007 t|
008 041108s1952 sp ||||1| spa d
100 1 _aHuxley, Aldous,
_d1894-1963
_964858
245 1 3 _aLa sonrisa de la Gioconda
_b: drama /
_cAldous Huxley ; [versión española de Mª Luisa Buendía].
250 _a[1ª ed.].
260 _aBarcelona :
_bLuis de Caralt,
_c[1952] (
_fCondal)
300 _a183 p. ;
_c20 cm.
490 1 _aLa torre de marfil
700 1 _aBuendía, María Luisa.
_932368
830 0 _aLa torre de marfil
_9181375
852 _aES-MaACL
_jC-5996
_bR.34106
999 _c81881
_d81881